| 000 | 01162nam a2200313 i 4500 | ||
|---|---|---|---|
| 003 | EG-GICUC | ||
| 005 | 20260127154607.0 | ||
| 008 | 260127s1907 fr ||||fr|||| 000 0 fre d | ||
| 040 |
_aEG-GiCUC _bfre _cEG-GiCUC _dEG-GiCUC _erda |
||
| 041 | _afre | ||
| 082 | 0 | 4 |
_221 _a341.8 _bFI . D |
| 092 | 0 | 4 | _221 |
| 099 | _aLaw1 12 341.8 FI . D 1907 | ||
| 100 | 1 |
_aFiore, Pasquale _eAuteur |
|
| 245 | 1 | 3 |
_aLe Droit International Privé : _cOu Principes Pour Besourse Conelter Entre Les Lois Civiles, Commerciales, Judiciaires Pénales Des Difterents États. _n Tome IV, _pLois Civiles / _bPar Pasquale Fiore. |
| 264 | 1 |
_aParis : _bA. Pédone, _c1907. |
|
| 300 |
_a755 pages ; _c24 cm _billustration ; |
||
| 336 |
_2rda content _atext |
||
| 337 |
_2rda media _aComputer |
||
| 338 |
_2rda carrier _aOnline Resource |
||
| 500 | _aTraduer De La Quatrième Edition Italienne 1902) Of Aunoté Par Charles Antoine | ||
| 504 | _aBibliography: pages 737-755. | ||
| 546 | _aTexte en français | ||
| 650 | 1 | 4 |
_aPrivate international law _2qrmak |
| 651 | 1 | _2qrmak | |
| 856 | 4 | 0 | _uhttps://fll.law.cu.edu.eg/fulltext/bks/B12-02403.pdf |
| 905 | _a79 | ||
| 942 |
_2ddc _cBK _e21 _n0 |
||
| 999 |
_c59648 _d59648 |
||